000 00932nam0a22002411 4500
001 v19\rc\1385836
005 20250618092200.0
035 _a(NLR Aleph) 004519701
090 _a4853734
_c4853734
100 _a20060512d1870 |||y0rusy50 ca
101 0 _arus
102 _aRU
105 _ay z |||||
200 1 _aПо вопросу о санитарных условиях наших больниц
_f[Соч.] Почетного члена Благотворительного о-ва при церкви Обуховской больницы д-ра Китнера
210 _aСанкт-Петербург
_cтип. Г. Шредер (б. Хотинского)
_d1870
215 _a32 с.
_d18
309 _aБез тит. л.
700 1 _aКитнер
_bК.С.
_gКарл Севастьянович
801 0 _aRU
_bNLR
_gpsbo
801 1 _aRU
_bProSoft-M
_2rusmarc
852 _aNLR
_j18.124.4.384
942 _cBOOK
980 _aNB